| 000 | 01608nam a2200289 a 4500 | ||
|---|---|---|---|
| 001 | BRCA_2739 | ||
| 005 | 20190320203940.0 | ||
| 008 | 041208s1898----sp-a---###---#000-0#spa-u | ||
| 041 | _aspa | ||
| 044 | _asp | ||
| 084 |
_a234 _b.S47 _c1898 |
||
| 100 | 1 |
_aCervantes Saavedra, Miguel de _d1547-1616 _9213 |
|
| 245 | 1 | 0 |
_aEl Ingenioso Hidalgo Don Quijote de la Mancha _ccompuesto por Miguel Cervantes Saavedra. |
| 260 |
_aBarcelona _bFederico Seix _c1898 |
||
| 300 |
_a2 v. _bil. (a color) _c23 cm. |
||
| 500 | _aContenido : v 1. Primera parte. Proemio de Asensio. Facsímil de algunos documentos. Tasa. Privilegio. Dedicatoria del autor. Prólogo del autor. Versos preliminares. Texto. -- v 2. Segunda parte. Dedicatoria del autor. Prólogo del autor. Texto | ||
| 500 | _aEdición : Lujosa edición con un proemio del Sr. José Ma. Asensio de la Real Academia y el Facsímil de varios documentos inéditos, relativos al autor. Ulustración en cromolitografía de J. Moreno Carbonero y D. L. Barrau cabecera e iniciales policromadas, de diferentes artistas. A. S. M. el Rey Don Alfonso XII | ||
| 500 | _aEjemplar enteramente igual al LO-233. Tela; lomos y planos profusamente decorados con adornos dorados y de otros colores Lúdovik Osterc | ||
| 500 | _aQMB11 | ||
| 650 | 1 | 4 |
_aNovela española _yÉpoca clásica, 1500-1700 _9215 |
| 650 | 1 | 4 |
_aLiteratura española _yÉpoca clásica, 1500-1700 _9216 |
| 650 | 1 | 4 |
_aNovela española _ySiglo XVII _9217 |
| 650 | 1 | 4 |
_aDon Quijote (Personaje ficticio) _eNovela _9218 |
| 740 | 0 | _aEl Ingenioso Hidalgo Don Quijote de la Mancha | |
| 902 | _aQFM | ||
| 942 |
_2lcc _cB |
||
| 999 |
_c2479 _d2479 |
||